Etudes comparatives dela faune du sol dans 3 habitats differents dans la region de phnom laang a la province de kampot, ការសិក្សារប្រៀបធៀបចំនួនសត្វល្អិតក្នុងដីលក្ខខណ្ឌ៣ផ្សេងគ្នានៅតំបន់ភ្នំល្អាង ខេត្តកំពត (Record no. 1535)

000 -LEADER
fixed length control field 00730nam a22001577a 4500
003 - CONTROL NUMBER IDENTIFIER
control field OSt
005 - DATE AND TIME OF LATEST TRANSACTION
control field 20150930160047.0
008 - FIXED-LENGTH DATA ELEMENTS--GENERAL INFORMATION
fixed length control field 150930b xxu||||| |||| 00| 0 eng d
040 ## - CATALOGING SOURCE
Transcribing agency RUA
082 ## - DEWEY DECIMAL CLASSIFICATION NUMBER
Classification number AGR ROS 2008 B063 Or.1
100 ## - MAIN ENTRY--PERSONAL NAME
9 (RLIN) 1624
Personal name ROS, SAROM.
245 ## - TITLE STATEMENT
Title Etudes comparatives dela faune du sol dans 3 habitats differents dans la region de phnom laang a la province de kampot, ការសិក្សារប្រៀបធៀបចំនួនសត្វល្អិតក្នុងដីលក្ខខណ្ឌ៣ផ្សេងគ្នានៅតំបន់ភ្នំល្អាង ខេត្តកំពត
260 ## - PUBLICATION, DISTRIBUTION, ETC. (IMPRINT)
Place of publication, distribution, etc. Phnom Penh
Name of publisher, distributor, etc. RUA
Date of publication, distribution, etc. 2008
300 ## - PHYSICAL DESCRIPTION
Extent ix; 43p.
Other physical details ill.
Dimensions 29cm.
942 ## - ADDED ENTRY ELEMENTS (KOHA)
Source of classification or shelving scheme
Koha item type AGR
Holdings
Price effective from Date last seen Permanent Location Not for loan Date acquired Source of classification or shelving scheme Koha item type Barcode Lost status Damaged status Shelving location Withdrawn status Current Location Full call number
2015-09-302015-09-30Library Block B 2015-09-30 AGRRUA009990  B063 Library Block BAGR ROS 2008 B063 Or.1
2015-09-302015-09-30Library Block B 2015-09-30 AGRRUA009917  B063 Library Block BAGR ROS 2008 B063 Or.2
2015-09-302015-09-30Library Block B 2015-09-30 AGRRUA009845  B063 Library Block BAGR ROS 2008 B063 Or.3
2015-09-302015-09-30Library Block B 2015-09-30 AGRRUA009773  B063 Library Block BAGR ROS 2008 B063 Or.4
2015-09-302015-09-30Library Block B 2015-09-30 AGRRUA009996  B063 Library Block BAGR ROS 2008 B063 Or.5
2015-09-302015-09-30Library Block B 2015-09-30 AGRRUA009924  B063 Library Block BAGR ROS 2008 B063 Or.6
2015-09-302015-09-30Library Block B 2015-09-30 AGRRUA009852  B063 Library Block BAGR ROS 2008 B063 Or.7
2015-09-302015-09-30Library Block B 2015-09-30 AGRRUA009780  B063 Library Block BAGR ROS 2008 B063 Or.8
2015-09-302015-09-30Library Block B 2015-09-30 AGRRUA009989  B063 Library Block BAGR ROS 2008 B063 Or.9
2015-09-302015-09-30Library Block B 2015-09-30 AGRRUA009708  B063 Library Block BAGR ROS 2008 B063 Or.10
2015-09-302015-09-30Library Block B 2015-09-30 AGRRUA009706  B063 Library Block BAGR ROS 2008 B063 Or.11
មជ្ឈមណ្ឌលឯការនៃសាកលវិទ្យាល័យភូមិន្ទកសិកម្មចំការដូង

Powered by Koha